Física para ciencias e ingeniería: Tomo I
| Main Authors: | , , |
|---|---|
| Format: | Section = Libro |
| Language: | Undetermined Spanish |
| Published: |
México
McGraw-Hill
2005
|
| Edition: | 2a.ed |
| Subjects: |
| LEADER | 00868nam a2200313Ia 4500 | ||
|---|---|---|---|
| 008 | 240830s9999 xx 000 0 und d | ||
| 020 | |a 970-10-4893-8 | ||
| 040 | |a B-ESTELÍ- RUACS / 530 G394 | ||
| 041 | |a spa | ||
| 082 | |a 530 G394 | ||
| 100 | 1 | |a Gettys, W. Edward | |
| 100 | 1 | |b Keller, Frederick J. | |
| 100 | 1 | |c Skove, Malcolm J. | |
| 245 | 1 | 0 | |a Física para ciencias e ingeniería: Tomo I |
| 250 | |a 2a.ed | ||
| 260 | |a México |b McGraw-Hill |c 2005 | ||
| 300 | |a p. irreg. :il | ||
| 650 | 7 | |a FÍSICA - INGENIERÍA | |
| 650 | 7 | |b LEY DE COULOMB | |
| 650 | 7 | |c LEY DE GAUSS | |
| 650 | 7 | |d CORRIENTE Y RESISTENCIA ELECTRICAS | |
| 650 | 7 | |e CAMPO MAGNETICO | |
| 650 | 7 | |f LEY DE FARADAY | |
| 650 | 7 | |g OSCILACINES ELECTROMAGNETICAS | |
| 650 | 7 | |h ONDAS -. SONIDO | |
| 650 | 7 | |i MECÁNICA CUANTICA | |
| 942 | |c BK |2 ddc | ||
| 991 | |a TEXTO | ||
| 999 | |c 10997 | ||